| 000 | 00549nam a2200181 a 4500 | ||
|---|---|---|---|
| 005 | 20230315063857.0 | ||
| 008 | 991125s1959 bue 000 0 spa u | ||
| 035 | _aUPN01000043000 | ||
| 049 | _aCG | ||
| 050 | 4 |
_aLB1027.5 _bJ4.58 |
|
| 100 | 1 | _aJeangros, Erwin | |
| 245 | 1 | 0 |
_aOrientación vocacional y profesional / _cErwin Jeangros ; tr. María Ruth R. de Margret. |
| 260 |
_aBuenos Aires : _bKapelusz, _c1959. |
||
| 300 | _a167 p. | ||
| 440 | 0 |
_aBiblioteca de cultura pedagógica ; _v56 |
|
| 650 | 4 |
_aOrientación vocacional _95 |
|
| 905 | _aLibro | ||
| 999 |
_c43000 _d43000 |
||